000 00773nam a2200289Ia 4500
005 20260324111649.0
008 008 260324s9999 xx 000 0 eng d
020 _a9781003541530
037 _aEBOOK
040 _aCRL
040 _beng
040 _cCRL
041 _2eng
041 _aeng
084 _qCRL
100 _aGirish Hidaduggi; Jon Fournier; Herman Ranpuria; Dilesh Patel
_91139499
245 0 _aLeveraging Digital Mixed Model Value Stream Maps
245 2 _bA Leadership Guide to Deploying These Maps to Remove Waste
260 _bTaylor and Francis
260 _c2025
365 _a
365 _b230
856 _uhttp://www.taylorfrancis.com/books/9781003541530
942 _cEBOOK
999 _c1728394
_d1728394